000 00977nam a2200253 i 4500
001 115587
003 ES-MaACL
005 20250901063126.0
007 t|
008 070319s19121917sp ||||1| spa d
080 _a248.2
100 0 _aJuan de los Ángeles
_c(O.F.M.),
_d1536-1609
_967114
245 1 0 _aObras místicas /
_cde Juan de los Angeles ; anotadas y precedidas de una introducción bio-bibliográfica por Jaime Sala ; revisada, anotada y precedida de unas ligeras notas biográficas de Jaime Sala por Gregorio Fuentes.
260 _aMadrid :
_bBailly-Baillière,
_c1912-1917.
300 _a2 v. ;
_c26 cm.
490 1 _aNueva biblioteca de autores españoles ;
_v20, 24
650 _aMisticismo.
_915086
700 1 _aSala, Jaime.
_9101647
700 1 _aFuentes, Gregorio.
_952897
830 0 _aNueva biblioteca de autores españoles ;
_v20, 24
_9186329
852 _aES-MaACL
_jC-30146
852 _aES-MaACL
_jC-30150
999 _c115587
_d115587